Map RainbowSix par image - Statistiques

Statistiques générales
  • Ce quiz a été pris 367 fois
  • Le résultat moyen est 14 sur 16
Statistiques - réponses
Par images Réponse % Correct
Banque
98%
Chalet
97%
Frontière
94%
Oregon
94%
Villa
94%
Café Dostoyevsky
93%
Littoral
93%
Canal
92%
Consulat
91%
Parc d'attractions
91%
Clubhouse
87%
Gratte-ciel
87%
Labo de Nighthaven
81%
Outback
81%
Plaines d'émeraude
76%
Stade Bravo
54%
Aucun quiz correspondant
Distribution des résultats
% des personnes avec chaque résultat
Percentile par nombre de réponses
Votre historique - résultats
Vous n’avez pas pris ce quiz